• 首页
  • 本馆介绍
  • 公告通知
  • 最新文献
  • 馆藏检索
  • 电子资源
  • 读者导购
  • 参考咨询
  • 我的图书馆
  • 登录
  • 详细信息显示
  • 放入我的书架
  • 预约/预借图书
  • 作者相关作品
  • 分类相关作品
  • 丛书相关作品
  • 出版社相关作品

书目信息

  • 表格格式
  • 工作单格式
  • 卡片格式
题名:
体能增强书
    
 
作者: 莫纳夏 著 ;乐乐 译
分册:  
出版信息: 北京   东方出版社  2013
页数: 148页
开本: 26cm
丛书名:
单 册:
中图分类: G808.14-64 , G808.14
科图分类:
主题词: 力量训练--图解 , 体育理论
电子资源:
ISBN: 978-7-5060-5376-1
000 01118nam0 2200325 450
001 1556676320
005 20150706154539.70
010    @a978-7-5060-5376-1@dCNY38.00
049    @aA330000ZJL@bUCS01005832166@c012011165554
090    @aG808@bmnx
096    @aG808@bmnx
100    @a20130726d2013 em y0chiy50 ea
101 1  @achi@ceng
102    @aCN@b110000
105    @aa z 000yy
106    @ar
200 1  @a体能增强书@Ati neng zeng qiang shu@b专著@dAnatomy of strength training@f(美)帕特·莫纳夏(Pat Manocchia)著@g乐乐译@zeng
210    @a北京@c东方出版社@d2013
215    @a148页@d26cm
300    @a三维图解
330    @a本书内容包括:力量训练中的的五大基本项、上举动作训练、迈步动作训练、俯卧撑动作训练、引体向上动作训练、健腹转动动作训练、制定力量训练计划。
510 1  @aAnatomy of strength training@zeng
606 0  @a力量训练@j图解
606 0  @a体育理论
690    @aG808.14-64@v5
690    @aG808.14@v4
701  0 @c(美)@a莫纳夏@Amo na xia@c(Manocchia, Pat)@4著
702  0 @a乐乐@c(女)@Ale le@4译
801  0 @aCN@bZL@c20130203
905    @aZUCC@dG808.14@et53
    
    体能增强书=Anatomy of strength training/(美)帕特·莫纳夏(Pat Manocchia)著/乐乐译.-北京:东方出版社,2013
    148页;26cm
    三维图解
    
    ISBN 978-7-5060-5376-1:CNY38.00
    本书内容包括:力量训练中的的五大基本项、上举动作训练、迈步动作训练、俯卧撑动作训练、引体向上动作训练、健腹转动动作训练、制定力量训练计划。
●
相关链接 在E读中查询图书 在五车中查询图书 在当当中查询图书 在豆瓣中查询图书


正题名:体能增强书     索取号:G808.14/t53         预约/预借

序号 登录号 条形码 馆藏地/架位号 状态 备注
1 6940389   269403898   密集书库-体育系/ [索取号:G808.14/t53] 在馆    
唐山师范学院图书馆 欢迎您!
大连网信软件有限公司© 版权所有